00245nam a22000857a 4500082001300000245008200013260002600095650002300121650001500144 a542 lab aTraining seminar on Laboratory quality management,a need of the new Millenium aColombobIchemcc2001 aquality management alaboratary